000 00766nam a22002177a 4500
005 20250326154111.0
008 250326b |||||||| |||| 00| 0 eng d
020 _a978-93-94262-36-2 (hbk)
037 _cREF
040 _aCRL
_cCRL
041 _2eng
_aeng
084 _aV2 R4.1-.3
_qCRL
100 _aTorri, Michelguglielmo
_9751505
245 _aHistory of India
260 _aNew Delhi, India:
_bManohar,
_c2024
300 _aVol. 1 (1p.-410p.), Vol. 2 (1p.-513p.), Vol. 3 (1p.-358p.)
365 _b7185.00
_cINR
650 _aHistory
942 _2CC
_cREF
_hV2 R4.1-.3
_n0
999 _c1308210
_d1308210